Fortuna s výborným výsledkom na MS

Bibliographic Details
Format: Article
Language:Slovak
PhysicalDescription:Fotogr.
ISSN:1210-2423
Subjects:

MARC

LEADER 00000nab a2200000 ar4500
001 vtls010321715
003 SK-MaSNL
005 20260303210632.0
008 111031c2011 xo wr|p|||||||000 b|slo
038 |a PPPK 
040 |a PPPKCL  |b slo  |c PPPKCL  |e AACR2 
041 0 |a slo 
044 |a xo  |c SK 
080 |a 793.33  |2 2001 
080 |a 78.085.3  |2 2001 
245 0 0 |a Fortuna s výborným výsledkom na MS  |c [text a foto] (tcf) 
300 |b Fotogr. 
610 2 7 |a Fortuna (tanečná skupina : Poprad, Slovensko)  |2 pppkcl  |9 1104227 
611 2 7 |a Majstrovstvá sveta v latinsko-amerických tancoch vo vekovej kategórii mládež  |d (2011 :  |c Ostrava, Česko)  |2 pppkcl  |9 1242626 
650 0 7 |a spoločenské tance  |2 pppkcl  |9 29452 
650 0 7 |a latinskoamerické tance  |2 pppkcl  |9 75641 
651 7 |a Poprad (Slovensko)  |2 pppkcl  |9 20155 
651 7 |a Ostrava (Česko)  |2 pppkcl  |9 202882 
773 0 |t Podtatranské noviny  |g Roč. LII, č. 42 (2011), s. 7  |x 1210-2423 
852 |a PPPK  |b KIS3GCP 
999 |c 2201013  |d 2202943